00890 2200289 4500001002100000005001500021035002000036007000300056008004100059020002200100040001700122082001400139084001600153100002100169245013600190250002900326260003300355300003100388650001200419650001900431700002100450850001200471041000800483504003300491500005800524990001800582INLIS00000000084297920181205020011 a0010-1218000024ta181205s2016 jbi g ind d a978-602-72748-7-7 aYOPDYOGbind04223a324.7 a324.7 SUF s0 aSufyanto,d1975-1 aSelebritisasi politik :bkajian dramaturgi, habitus dan tindakan komunikatif aktor pemilu /cSufyanto; penyunting, Aridho Pamungkas aCetakan II: Oktober 20163 aBandung :bNusa Media,c2016 axxii, 448 halaman ;c21 cm 4aPolitik 4aPemilihan umum0 aAridho Pamungkas aYOPDYOG0 aind aBibliografi: halaman 435-446 aDIterbitkan bekerjasama dengan The Republic Institute a33878-PD/B.18